Σπουδαί - Spoudai / Βραβείο Ακαδημίας Αθηνών - An Academy of Athens Award (Record no. 9188)
[ view plain ]
| 000 -LEADER | |
|---|---|
| fixed length control field | 00957cam a22001814a 4500 |
| 005 - ΗΜΕΡΟΜΗΝΙΑ ΚΑΙ ΩΡΑ ΤΕΛΕΥΤΑΙΑΣ ΕΝΗΜΕΡΩΣΗΣ | |
| Πεδίο ελέγχου | 20250605164355.0 |
| 008 - FIXED-LENGTH DATA ELEMENTS--GENERAL INFORMATION | |
| Πεδίο ελέγχου σταθερού μήκους | 250528s ||||||||||||||||||||||||d |
| 035 ## - SYSTEM CONTROL NUMBER | |
| System control number | 24298 |
| 040 ## - ΠΗΓΗ ΚΑΤΑΛΟΓΟΓΡΑΦΗΣΗΣ | |
| Φορέας πρωτότυπης καταλογογράφησης | MC Athens Campus Library |
| Γλώσσα καταλογογράφησης | Ελληνικά, Μοντέρνα (1453-) |
| Modifying agency | MC Athens Campus Library |
| Κανόνες περιγραφικής καταλογογράφησης | AACR2 |
| 245 1# - ΤΙΤΛΟΣ ΚΑΙ ΔΗΛΩΣΗ ΥΠΕΥΘΥΝΟΤΗΤΑΣ | |
| Τίτλος | Σπουδαί - Spoudai / Βραβείο Ακαδημίας Αθηνών - An Academy of Athens Award |
| 260 ## - PUBLICATION, DISTRIBUTION, ETC. | |
| Name of publisher, distributor, etc. | Επτάλοφος, |
| Date of publication, distribution, etc. | 2004 |
| 300 ## - PHYSICAL DESCRIPTION | |
| Extent | 160 |
| 520 ## - SUMMARY, ETC. | |
| Summary, etc. | Interest Rate Volatility and Its Effect on Unemployment in European Union and the United States, Energy Taxes with Exemptions in Greece: An Input-Output Analysis, The Asymptotic Variance in Constructing Confidence Intervals for the Stationary Mean, The Relationship Between Knowledge Capabilities and Firm Performance, The Importance of Human Development Index for Greece: An Econometrical Application in the Greek Regions. |
| 700 1# - ΠΡΟΣΘΕΤΗ ΑΝΑΓΡΑΦΗ--ΦΥΣΙΚΟ ΠΡΟΣΩΠΟ | |
| Personal name | Αλογοσκούφης Γιώργος |
| 9 (RLIN) | 7351 |
| 942 ## - ADDED ENTRY ELEMENTS (KOHA) | |
| Koha item type | Περιοδικά Δημοσιεύματα |
| Τύπος τεκμηρίου | Βιβλιοθήκη | Τρέχουσα τοποθεσία | Barcode | Ημερομηνία απόκτησης | Ταξιθετικό σύμβολο | Αριθμός αντιτύπου | Αρίθμηση σειρών / χρονολογία | Κατάσταση απόσυρσης | Κατάσταση χαμένου | Κατάσταση κατεστραμμένου | Μη δανεισμός | Σύνολο δανεισμών | Ημερομηνία τελευταίας εμφάνισης | Η τιμή ισχύει από |
|---|---|---|---|---|---|---|---|---|---|---|---|---|---|---|
| Περιοδικά Δημοσιεύματα | MC Athens Campus Library | MC Athens Campus Library | 9780000091871 | 05/06/2025 | ΣΠΟΥΔΑΙ | 1 | 54 | 05/06/2025 | 05/06/2025 |